Aspects of land ownership (Record no. 68985)

MARC details
000 -LEADER
fixed length control field 01008cam a2200253 4500
001 - CONTROL NUMBER
control field ABS64835
008 - FIXED-LENGTH DATA ELEMENTS--GENERAL INFORMATION
fixed length control field 011203n2001 000 0 eng u
035 ## - SYSTEM CONTROL NUMBER
System control number (Sirsi) u115815
100 ## - MAIN ENTRY--PERSONAL NAME
Personal name Bailey, A.
245 ## - TITLE STATEMENT
Title Aspects of land ownership
260 ## - PUBLICATION, DISTRIBUTION, ETC.
Date of publication, distribution, etc. 2001
490 ## - SERIES STATEMENT
Series statement Farmland Market
Volume/sequential designation (56) Autumn 2001, 18-19(2)
520 ## - SUMMARY, ETC.
Summary, etc. A selection of some of the recent developments in the law affecting the farmland market. Highlights probate valuation - a valuation for inheritance tax purposes; pre-entry - the practice of allowing the prospective tenant, purchaser onto arable land to carry out cultivations before the contract is completed; chancel repair liability and how to go about finding out if a building is listed.
590 ## - LOCAL NOTE (RLIN)
Local note ABS
650 ## - SUBJECT ADDED ENTRY--TOPICAL TERM
Topical term or geographic name entry element FARMLAND MARKET
650 ## - SUBJECT ADDED ENTRY--TOPICAL TERM
Topical term or geographic name entry element PROBATE VALUATION
650 ## - SUBJECT ADDED ENTRY--TOPICAL TERM
Topical term or geographic name entry element INHERITANCE TAX
650 ## - SUBJECT ADDED ENTRY--TOPICAL TERM
Topical term or geographic name entry element PRE-ENTRY
650 ## - SUBJECT ADDED ENTRY--TOPICAL TERM
Topical term or geographic name entry element CHANCE REPAIR LIABILITY
650 ## - SUBJECT ADDED ENTRY--TOPICAL TERM
Topical term or geographic name entry element LISTED BUILDINGS
690 ## - LOCAL SUBJECT ADDED ENTRY--TOPICAL TERM (OCLC, RLIN)
Topical term or geographic name as entry element RURAL
9 (RLIN) 6268
700 ## - ADDED ENTRY--PERSONAL NAME
Personal name Swift, R.
942 ## - ADDED ENTRY ELEMENTS (KOHA)
Suppress in OPAC 0
Holdings
Withdrawn status Lost status Source of classification or shelving scheme Damaged status Not for loan Home library Current library Shelving location Date acquired Total Checkouts Full call number Barcode Date last seen Copy number Price effective from Koha item type
    Dewey Decimal Classification     London London Journal article 03/12/2001   ABS64835 115815-1001 06/08/2019 1 06/08/2019 Journal article